| 000 | 00365nam a2200133Ia 4500 | ||
|---|---|---|---|
| 008 | 130318s9999 xx 000 0 und d | ||
| 020 | _a9780070223509 | ||
| 082 | _a005.18 PRE/P;6 | ||
| 100 | _aPredko, Myke | ||
| 245 | _aProgramming and customizing the microcontroller | ||
| 260 |
_bTata McGraw Hill _aNew Delhi _c2008 |
||
| 300 | _a1263 | ||
| 650 | _aEMBEDDED SYSTEMS | ||
| 999 |
_c1884 _d1884 |
||